[Event "British Columbia op"]
[Site "Richmond"]
[Date "2013.02.11"]
[Round "5"]
[White "Velazquez, Hector"]
[Black "Ingram, Richard"]
[Result "1-0"]
[WhiteElo "2021"]
[BlackElo "2009"]
[PlyCount "109"]
[EventDate "2013.02.09"]
[EventType "swiss"]
[EventRounds "5"]
[EventCountry "CAN"]
[SourceTitle "EXT 2014"]
[Source "ChessBase"]
[SourceDate "2013.11.20"]
[SourceVersion "1"]
[SourceVersionDate "2013.11.20"]
[SourceQuality "1"]

1. e4 c5 2. Nf3 Nc6 3. d4 cxd4 4. Nxd4 Nf6 5. Nc3 g6 6. Be3 Bg7 7. f3 0-0 8. Qd2 d5 9. exd5 Nxd5 10. Nxd5 Qxd5 11. Nxc6 Qxc6 12. 0-0-0 Be6 13. Kb1 Qa4 14. b3 Qc6 15. Bh6 Bc3 16. Qg5 Bf6 17. Qb5 Qc3 18. Kc1 Qb2+ 19. Kd2 Bc3+ 20. Ke3 Rfd8 21. Rxd8+ Rxd8 22. Bd3 Bf6 23. Rd1 Qd4+ 24. Ke2 Bd5 25. Qa5 e5 26. Be3 Qh4 27. Be4 Bxe4 28. Bf2 Qg5 29. h4 Bxc2 30. hxg5 Bxd1+ 31. Ke1 b6 32. Qc3 Bxg5 33. Qxe5 f6 34. Qc7 f5 35. Qxa7 Bc2 36. Bxb6 Rd1+ 37. Kf2 Rd2+ 38. Kg3 f4+ 39. Kh2 Re2 40. Bd4 Re7 41. Qc5 Bf5 42. Qd5+ Re6 43. g4 fxg3+ 44. Kxg3 Be7 45. a4 h5 46. Bc5 h4+ 47. Kf2 Bf6 48. Qa8+ Kh7 49. Qb7+ Kh6 50. Be3+ Bg5 51. Bxg5+ Kxg5 52. Qd5 h3 53. Kg3 Re2 54. Qd8+ Kh6 55. Qh8+ 1-0